La Democracia neoliberal en Chile /
Guardat en:
| Autor principal: | |
|---|---|
| Format: | Text |
| Matèries: | |
| Etiquetes: |
Afegir etiqueta
Sense etiquetes, Sigues el primer a etiquetar aquest registre!
|
MARC
| LEADER | 00000 a a2200000 04500 | ||
|---|---|---|---|
| 001 | 11822 | ||
| 003 | |||
| 040 | |||
| 100 | |a Vergara Estévez, Jorge | ||
| 245 | |a La Democracia neoliberal en Chile / |c Jorge Vergara Estévez | ||
| 650 | |a DEMOCRACIA | ||
| 650 | |a NEOLIBERALISMO | ||
| 650 | |a DICTADURA | ||
| 650 | |a SISTEMAS POLITICOS | ||
| 773 | |g número 119; páginas 36-43 | ||
| 999 | |c 24371 |d 24371 | ||
| 773 | 0 | |0 39485 |9 2415 |a Hidalgo Xirinachs, Roxana |o 20214 |t Sobre las relaciones entre género, subjetividad y ley a comienzos de siglo XXI / |w (cru CIDCACS/IIS)11821 | |
